| 000 | 00841cab a2200229 4500 | ||
|---|---|---|---|
| 001 | WB2904-28 | ||
| 008 | 090401t1993 xxu||||| |||| 00| 0 eng d | ||
| 035 | _a(Sirsi) u38384 | ||
| 041 | _aeng | ||
| 245 | _aYields for shops and offices | ||
| 260 | _c1993 | ||
| 350 | _a0 | ||
| 490 |
_aDaily Telegraph _v26 January 1993, 23(1) |
||
| 520 | _aPrime investment yields on all types of commercial property, with the exception of retail warehouses, have moved up over the past year and there are no signs of any downward pressure despite increased buying activity by overseas investors. | ||
| 650 | _aINVESTMENT MARKET | ||
| 650 | _aPRIME INVESTMENT YIELDS | ||
| 650 | _aRETAIL WAREHOUSES | ||
| 650 | _aYIELDS | ||
| 690 | _aPROPERTY-COMMERCIAL PROPERTY-COMMERCIAL PROPERTY FINANCE AND INVESTMENT | ||
| 942 | _n0 | ||
| 948 | _c04/03/1997 | ||
| 999 |
_c24667 _d24667 |
||